| 000 | 01680nam a2200265Ia 4500 | ||
|---|---|---|---|
| 003 | Ost | ||
| 005 | 20260507075214.0 | ||
| 008 | 260507s9999||||xx |||||||||||||| ||und|| | ||
| 020 | _a624543849957 | ||
| 040 | _cfsecg | ||
| 041 | _aara | ||
| 082 | _a330 | ||
| 100 |
_aالعاني، مزهر شعبان _eمؤلف |
||
| 245 | 0 |
_aإدارة المشروعات الصغيرة : _bمنظور ريادي تكنولوجي / _c مزهر شعبان العاني |
|
| 260 |
_aعمان: _bدار صفاء, _c2009 |
||
| 300 |
_a351 صفحة؛ _bإيضاحات ؛ _c24 سم |
||
| 504 | _aمراجع ص.337 ؛ قائمة المصطلحات ص.303 ؛ جداول ص.14 ؛اشكال ص.15 | ||
| 520 | _aالريادة ، مداخل دراسة الريادة، استراتيجية الريادة ، الاشكال القانونية ، دراسة الجدوى ، ادارة التمويل ، التخطيط الاستراتيجي ، ادارة المخاطر و التأمين ، ادارة الشراء ، ادارة المخزون و تخطيط الاحتياجات في المشروعات الصغيرة ، المشروعات الصغيرة الالكترونية ، التنبؤ بالمبيعات ، التسعير ، الاعلان و الترويج ، الفرص العالمية و المسؤولية الاخلاقية و الاجتماعية للمشروعات الصغيرة . | ||
| 653 | _aالمشروعات ــ ادارة | ||
| 653 | _aالمشروعات الصغيرة | ||
| 653 | _aتنفيذ المشاريع | ||
| 700 |
_aارشيد، حسين عليان _eمؤلف ثانوي |
||
| 700 |
_aجواد، شوقي ناجي _eمؤلف ثانوي |
||
| 942 | _cكتاب | ||
| 999 |
_c43485 _d43485 |
||